Madonna - Nobody's Perfect - Lyrics - Statistics

General Stats
  • This quiz has been taken 6 times
  • The average score is 126 of 147
Answer Stats
Answer % Correct
And
100%
and
100%
be
100%
but
100%
do
100%
I
100%
my
100%
Nobody's
100%
perfect
100%
Perfect
100%
to
100%
What
100%
when
100%
with
100%
you
100%
am
75%
bad
75%
best
75%
did
75%
expect?
75%
feel
75%
I'm
75%
know
75%
must
75%
not
75%
right
75%
sad
75%
say
75%
so
75%
Sorry
75%
was
75%
will
75%
Yeah
75%
Cool
50%
doing
50%
I'll
50%
lonely
50%
wasn't
50%
dishonest
25%
true
25%
No matching quizzes found
Score Distribution
Percent of People with Each Score
Percentile by Number Answered
Your Score History
You have not taken this quiz